[Event "SVK 3.liga A2"]
[Site "?"]
[Date "2020.03.01"]
[Round "9.5"]
[White "Koutny, Petr"]
[Black "Horak, Ivan"]
[Result "0-1"]
[WhiteElo "2161"]
[BlackElo "2038"]
[Annotator ",Jozef"]
[PlyCount "112"]
[EventDate "2019.10.06"]

1. e4 c5 2. Nc3 Nc6 3. Bb5 Nd4 4. Nf3 Nxb5 5. Nxb5 a6 6. Nc3 d6 7. d4 cxd4 8.
Qxd4 Bg4 9. Be3 Nf6 10. O-O-O Qa5 11. h3 e5 12. Qb6 Qxb6 13. Bxb6 Be6 14. g4 h6
15. Nh4 Rc8 16. f3 Rc6 17. Bf2 b5 18. a3 g6 19. Ng2 Be7 20. Be3 h5 21. g5 Nd7
22. Ne1 Bc4 23. Nd3 a5 24. Nd5 Bd8 25. Kb1 Nb6 26. Bxb6 Bxb6 27. f4 Bd8 28. h4
O-O 29. fxe5 Bxd3 30. cxd3 dxe5 31. Rc1 Rxc1+ 32. Rxc1 f6 33. gxf6 Bxf6 34. Rc6
Kg7 35. Rc7+ Kh6 36. Nxf6 Rxf6 37. Rc1 Rf4 38. Rh1 Rf2 39. Kc1 g5 40. hxg5+
Kxg5 41. Rg1+ Kf4 42. Rg8 h4 43. Rh8 Kg3 44. Rg8+ Kf4 45. Rh8 Rh2 46. Rh5 h3
47. d4 exd4 48. e5 Ke3 49. e6 Rh1+ 50. Kc2 d3+ 51. Kc3 Rc1+ 52. Kb3 d2 53. Rd5
Rc4 54. e7 a4+ 55. Ka2 Re4 56. Kb1 Rxe7 0-1

[Event "SVK 3.liga A2"]
[Site "?"]
[Date "2020.03.01"]
[Round "9.5"]
[White "Sefcik, Marek"]
[Black "Hrubsa, Marian"]
[Result "1/2-1/2"]
[WhiteElo "1998"]
[BlackElo "1860"]
[Annotator ",Jozef"]
[PlyCount "117"]
[EventDate "2019.10.06"]

1. e4 e6 2. b3 d5 3. Bb2 dxe4 4. Nc3 Nf6 5. Qe2 Bb4 6. O-O-O Qe7 7. Kb1 O-O 8.
Nxe4 Nxe4 9. Qxe4 Ba3 10. Ba1 a5 11. Nf3 Bd7 12. Ne5 Bc6 13. Nxc6 Nxc6 14. Bd3
f5 15. Qe2 a4 16. Bc4 Rfe8 17. Rhe1 Nd8 18. g4 b5 19. Bxb5 axb3 20. cxb3 c6 21.
Bc4 f4 22. Qe4 Bd6 23. h4 Qa7 24. a4 Qb6 25. f3 Kh8 26. Kc2 e5 27. Bd3 g6 28.
h5 Qc5+ 29. Bc3 Ne6 30. hxg6 Nd4+ 31. Kb2 Qa3+ 32. Kb1 Qxb3+ 33. Bb2 Re7 34.
g7+ Rxg7 35. Rh1 Raa7 36. Bc2 Qb6 37. Ka2 Nxc2 38. Qxc2 Qb4 39. Ra1 Rxa4+ 40.
Kb1 Rxa1+ 41. Kxa1 Qa5+ 42. Kb1 Qd5 43. Rh3 Qb5 44. d3 Ba3 45. Ka2 Bxb2 46.
Qxb2 Qa4+ 47. Qa3 Qxa3+ 48. Kxa3 Rd7 49. Rh5 Rxd3+ 50. Kb4 Rxf3 51. Rxe5 Rg3
52. Kc5 Rxg4 53. Kxc6 Rg6+ 54. Kd5 Rf6 55. Rg5 f3 56. Rg1 h5 57. Ke4 f2 58. Rf1
h4 59. Ke3 1/2-1/2

[Event "SVK 3.liga A2"]
[Site "?"]
[Date "2020.03.01"]
[Round "9.5"]
[White "Vach, Jozef"]
[Black "Jakubec, Milan"]
[Result "1/2-1/2"]
[WhiteElo "1675"]
[BlackElo "2017"]
[Annotator ",Jozef"]
[PlyCount "45"]
[EventDate "2019.10.06"]

1. d4 d5 2. c4 e6 3. Nf3 Nf6 4. Nc3 c6 5. Bg5 Nbd7 6. e3 Qa5 7. Bxf6 Nxf6 8.
Nd2 Bb4 9. Qc2 Ne4 10. Ndxe4 dxe4 11. Be2 O-O 12. O-O f5 13. a3 Bd6 14. b4 Qd8
15. c5 Bc7 16. f4 exf3 17. Rxf3 e5 18. d5 e4 19. Rf2 Be5 20. Rd1 cxd5 21. Nxd5
Be6 22. Nf4 Qb8 23. Nxe6 1/2-1/2

[Event "SVK 3.liga A2"]
[Site "?"]
[Date "2020.03.01"]
[Round "9.5"]
[White "Hirmajer, Jan"]
[Black "Vepy, Ivan"]
[Result "1/2-1/2"]
[WhiteElo "1902"]
[BlackElo "1816"]
[Annotator ",Jozef"]
[PlyCount "145"]
[EventDate "2019.10.06"]

1. c4 Nf6 2. Nc3 e5 3. g3 c6 4. Nf3 d6 5. Bg2 Be7 6. d4 e4 7. Ng5 d5 8. h4 O-O
9. Nh3 Na6 10. cxd5 cxd5 11. Bg5 h6 12. Bxf6 Bxf6 13. Nf4 Be6 14. Nxe6 fxe6 15.
Bh3 Qe7 16. a3 Rf7 17. e3 Kh8 18. Qg4 Nc7 19. Rd1 Raf8 20. O-O Qd6 21. Ne2 e5
22. Qg6 Be7 23. Qxd6 Bxd6 24. Rd2 Rf6 25. Rc2 Ne6 26. dxe5 Bxe5 27. Bxe6 Rxe6
28. Rd1 Rd8 29. Nd4 Bxd4 30. Rxd4 Red6 31. Rc7 R8d7 32. Rc8+ Kh7 33. Rc2 Kg6
34. Kg2 Kf5 35. f3 exf3+ 36. Kxf3 Rf6 37. Rc8 Ke5+ 38. Ke2 Rc6 39. Re8+ Re6 40.
Ra8 a6 41. Rb4 b5 42. a4 bxa4 43. Rxa4 Rdd6 44. Kd3 Rb6 45. b4 Rg6 46. h5 Rgd6
47. Ra7 g5 48. g4 Re6 49. Rd7 Rbd6 50. Rf7 Rf6 51. Rxf6 Rxf6 52. Ra5 Rb6 53.
Ra4 Rb5 54. Rxa6 Rxb4 55. Rxh6 Rxg4 56. Rh8 Rh4 57. h6 Kf5 58. h7 Kg4 59. Rd8
Rxh7 60. Rxd5 Rg7 61. Ke2 Kg3 62. e4 Kf4 63. Kd3 g4 64. Rf5+ Kg3 65. e5 Kh2 66.
Ke4 g3 67. Rh5+ Kg1 68. e6 g2 69. Rf5 Re7 70. Ke5 Rh7 71. Rg5 Kh2 72. Rxg2+
Kxg2 73. Kf6 1/2-1/2

[Event "SVK 3.liga A2"]
[Site "?"]
[Date "2020.03.01"]
[Round "9.5"]
[White "Krakovsky, Peter"]
[Black "Zlamal, Marek"]
[Result "0-1"]
[WhiteElo "1631"]
[BlackElo "1866"]
[Annotator ",Jozef"]
[PlyCount "124"]
[EventDate "2019.10.06"]

1. c4 e5 2. Nc3 c5 3. g3 Nc6 4. Bg2 d6 5. Nf3 Be6 6. d3 Be7 7. O-O h6 8. Rb1
Nf6 9. a3 a5 10. Qc2 O-O 11. Bd2 d5 12. cxd5 Nxd5 13. Nxd5 Bxd5 14. Bc3 Bd6 15.
e3 Re8 16. Rfd1 Qc7 17. Rbc1 a4 18. Nd2 Be6 19. d4 cxd4 20. exd4 Nxd4 21. Bxd4
Qxc2 22. Rxc2 exd4 23. Bxb7 Ra7 24. Bc6 Rc8 25. Rdc1 d3 26. Rc3 Be5 27. Rxd3
Rac7 28. Re3 Rxc6 29. Rxe5 Rxc1+ 30. Kg2 Rd8 31. Rd5 Rcc8 32. Ra5 g5 33. g4 Rc2
34. Nf3 Rd4 35. Nxd4 Rc4 36. Ra8+ Bc8 37. Nf5 Kh7 38. Ne3 Rxg4+ 39. Nxg4 Bb7+
40. Kg3 Bxa8 41. Nf6+ Kg6 42. Nd7 Be4 43. Nc5 Bc2 44. Kf3 Kf5 45. Na6 Ke5 46.
Ke3 f5 47. Nb4 f4+ 48. Kd2 Be4 49. Na2 Kf5 50. Nc3 Bc6 51. Ne2 Kg4 52. Nd4 Bd7
53. b3 axb3 54. Nxb3 Kh3 55. Nc5 Bc6 56. a4 Kxh2 57. a5 Kg2 58. Ke1 h5 59. Ne6
h4 60. Nxg5 h3 61. Ne6 h2 62. Nxf4+ Kf3 0-1

[Event "SVK 3.liga A2"]
[Site "?"]
[Date "2020.03.01"]
[Round "9.5"]
[White "Stehlik, Jan"]
[Black "Harasta, Marian"]
[Result "0-1"]
[WhiteElo "1647"]
[BlackElo "1687"]
[Annotator ",Jozef"]
[PlyCount "116"]
[EventDate "2019.10.06"]

1. e4 c5 2. c4 Nc6 3. Nc3 d6 4. g3 e5 5. Bg2 Nf6 6. Nge2 Bg4 7. f3 Be6 8. d3 g6
9. O-O Bg7 10. Be3 Nd4 11. h3 Qd7 12. g4 h5 13. Nd5 hxg4 14. Nxf6+ Bxf6 15.
fxg4 Bg7 16. Nxd4 exd4 17. Bg5 Bh6 18. Bxh6 Rxh6 19. Qd2 Rh7 20. Qg5 Qe7 21.
Qxe7+ Kxe7 22. Rf2 Rb8 23. a4 a6 24. b3 b5 25. axb5 axb5 26. Ra7+ Kf8 27. Ra6
bxc4 28. bxc4 Ke7 29. Ra7+ Bd7 30. Rfa2 Rb1+ 31. Kf2 Rb6 32. Ra8 Be6 33. Kg3
Rb3 34. R2a3 Rxa3 35. Rxa3 Rh8 36. Ra7+ Kf6 37. Rb7 Ke5 38. h4 Ra8 39. Rb1 Ra3
40. Rd1 Bxc4 41. Bf1 Bb5 42. Kf2 Ra2+ 43. Kf3 Ra3 44. Kf2 Rc3 45. h5 gxh5 46.
gxh5 Kf6 47. Be2 Rc2 48. Ke1 Kg5 49. Rb1 Bd7 50. Rb6 Be6 51. Rxd6 Kf4 52. Kf2
Bg4 53. h6 Rxe2+ 54. Kg1 Re1+ 55. Kg2 Bf3+ 56. Kf2 Re2+ 57. Kf1 Rh2 58. Rf6+
Ke3 0-1

[Event "SVK 3.liga A2"]
[Site "?"]
[Date "2020.03.01"]
[Round "9.5"]
[White "Bartos, Bohumil"]
[Black "Svrcek, Daniel"]
[Result "1/2-1/2"]
[WhiteElo "1511"]
[BlackElo "1495"]
[Annotator ",Jozef"]
[PlyCount "58"]
[EventDate "2019.10.06"]

1. d4 e6 2. Bf4 d5 3. Nf3 Nc6 4. e3 Nf6 5. Nbd2 g6 6. h3 Bg7 7. Be2 O-O 8. O-O
b6 9. c3 Bb7 10. Bb5 a6 11. Bxc6 Bxc6 12. Ne5 Bb7 13. Bg5 Qe8 14. Qf3 Nd7 15.
Nxd7 Qxd7 16. Bf6 c5 17. Qf4 c4 18. Nf3 Bxf6 19. Qxf6 Qd8 20. Qf4 Rc8 21. g4
Qc7 22. Qg5 f6 23. Qh4 Rce8 24. Rae1 g5 25. Qg3 Qxg3+ 26. fxg3 Kg7 27. Re2 Re7
28. Ref2 Ref7 29. Kg2 Bc6 1/2-1/2

[Event "SVK 3.liga A2"]
[Site "?"]
[Date "2020.03.01"]
[Round "9.5"]
[White "Sefcik, Oliver"]
[Black "Romanova, Ela"]
[Result "0-1"]
[WhiteElo "1238"]
[BlackElo "1478"]
[Annotator ",Jozef"]
[PlyCount "92"]
[EventDate "2019.10.06"]

1. e4 e5 2. Nf3 Nc6 3. Bc4 Bc5 4. O-O d6 5. d3 Nge7 6. Be3 Bb6 7. Nbd2 O-O 8.
c3 Bd7 9. Bxb6 axb6 10. Re1 Kh8 11. Ng5 Be8 12. Qh5 h6 13. Nxf7+ Bxf7 14. Bxf7
Qd7 15. Nf3 Nd8 16. Bg6 Ne6 17. Qg4 Nxg6 18. Qxg6 Nf4 19. Qg3 Nxd3 20. Nh4 Nxe1
21. Ng6+ Kh7 22. Nxf8+ Rxf8 23. Rxe1 Qa4 24. a3 Qb3 25. Qd3 Qxb2 26. f3 Qxa3
27. Qc4 Qc5+ 28. Qxc5 dxc5 29. Rd1 Ra8 30. Rd7 Ra3 31. Rxc7 Rxc3 32. Rxb7 Rb3
33. Kf2 c4 34. Ke2 b5 35. Kd2 b4 36. Kc2 Kg6 37. Rb5 Kf6 38. Rb6+ Ke7 39. Rb7+
Kd6 40. Rxg7 Re3 41. Rb7 b3+ 42. Kb2 Re2+ 43. Kc3 Rc2+ 44. Kb4 c3 45. Rb6+ Kc7
46. Rxh6 b2 0-1

[Event "SVK 3.liga A2"]
[Site "?"]
[Date "2020.03.01"]
[Round "9.6"]
[White "Sebesta, Radovan"]
[Black "Lanc, Alois"]
[Result "1/2-1/2"]
[WhiteElo "1999"]
[BlackElo "2302"]
[PlyCount "107"]
[EventDate "2019.10.06"]

1. d4 Nf6 2. c4 d6 3. Nc3 e5 4. d5 Be7 5. e4 a5 6. Bd3 Na6 7. Nge2 O-O 8. O-O
Ne8 9. f4 exf4 10. Nxf4 g6 11. Be3 Bf6 12. Qd2 Nc5 13. Bc2 Qe7 14. Bd4 Bxd4+
15. Qxd4 Nf6 16. h3 Nfd7 17. Nd3 Nxd3 18. Bxd3 Ne5 19. Be2 Bd7 20. Rae1 b6 21.
Qf2 Qg5 22. Qf4 Qxf4 23. Rxf4 Rae8 24. Rff1 Re7 25. b3 Kg7 26. Rc1 g5 27. Nb5
Bxb5 28. cxb5 Ng6 29. Bf3 Ne5 30. Rc3 f5 31. Rfc1 Nxf3+ 32. gxf3 Rff7 33. Rc4
fxe4 34. fxe4 Kf8 35. Rf1 Ke8 36. Rxf7 Rxf7 37. Kg2 Kd8 38. Rc3 Rf4 39. Re3 Kd7
40. Re2 h6 41. Re3 Ke7 42. Rc3 Rxe4 43. Rxc7+ Kf6 44. Kf3 Rf4+ 45. Kg3 Ke5 46.
Rc6 a4 47. bxa4 Rxa4 48. Rxb6 Rxa2 49. Rb8 Ra3+ 50. Kg4 Ra4+ 51. Kg3 Kxd5 52.
Rh8 Kc5 53. Rxh6 Rd4 54. Rg6 1/2-1/2

[Event "SVK 3.liga A2"]
[Site "?"]
[Date "2020.03.01"]
[Round "9.6"]
[White "Nicolini, Alexander"]
[Black "Skapikova, Lubica"]
[Result "1-0"]
[WhiteElo "2157"]
[BlackElo "1855"]
[PlyCount "63"]
[EventDate "2019.10.06"]

1. e4 e5 2. Nf3 Nc6 3. Bb5 a6 4. Ba4 Nf6 5. O-O Be7 6. Re1 b5 7. Bb3 O-O 8. d3
d6 9. c3 Bg4 10. Nbd2 Na5 11. Bc2 c5 12. Nf1 Qd7 13. Ne3 Nc6 14. Nxg4 Qxg4 15.
h3 Qh5 16. Qe2 h6 17. Qf1 g5 18. Nh2 Kh7 19. Be3 Rg8 20. g4 Qg6 21. a4 Nd7 22.
axb5 axb5 23. Rxa8 Rxa8 24. Ra1 Qg8 25. Nf3 Kg7 26. Qc1 Nb6 27. Bb3 Rxa1 28.
Qxa1 Qa8 29. Qxa8 Nxa8 30. Bd5 Nd4 31. cxd4 cxd4 32. Nxd4 1-0

[Event "SVK 3.liga A2"]
[Site "?"]
[Date "2020.03.01"]
[Round "9.6"]
[White "Huska, Branislav"]
[Black "Szitkey, Milan"]
[Result "0-1"]
[WhiteElo "1836"]
[BlackElo "2042"]
[PlyCount "80"]
[EventDate "2019.10.06"]

1. e4 e6 2. d4 d5 3. Nd2 Nf6 4. e5 Nfd7 5. Bd3 c5 6. c3 Nc6 7. Ne2 cxd4 8. cxd4
Qb6 9. Nf3 f6 10. exf6 Nxf6 11. O-O Bd6 12. b3 O-O 13. Bf4 Bxf4 14. Nxf4 Ne4
15. Ne2 Bd7 16. Bxe4 dxe4 17. Ng5 Rad8 18. Nxe4 Be8 19. Qc2 Bg6 20. Qc4 Nxd4
21. Ng5 Bf5 22. Rad1 Nxe2+ 23. Qxe2 Rxd1 24. Rxd1 h6 25. Nf3 Bg4 26. Qe4 Bxf3
27. gxf3 Rf6 28. Rc1 Kf7 29. Kf1 Rf5 30. Rc2 Qb5+ 31. Qe2 Qd5 32. Rd2 Qc6 33.
Rc2 Qd6 34. Qe4 Qxh2 35. Qxb7+ Kf6 36. Rc7 Qh1+ 37. Ke2 Re5+ 38. Kd3 Rd5+ 39.
Kc4 Qc1+ 40. Kb4 Qd2+ 0-1

[Event "SVK 3.liga A2"]
[Site "?"]
[Date "2020.03.01"]
[Round "9.6"]
[White "Mosny, Jaroslav"]
[Black "Lanik, Miroslav"]
[Result "0-1"]
[WhiteElo "1891"]
[BlackElo "1865"]
[PlyCount "26"]
[EventDate "2019.10.06"]

1. d4 Nf6 2. Nf3 e6 3. e3 d5 4. Bd3 b6 5. O-O Bb7 6. b3 Nbd7 7. Bb2 Bd6 8. Nbd2
O-O 9. Ne5 Ne4 10. c4 Nxd2 11. Qxd2 Bxe5 12. dxe5 Nc5 13. f4 dxc4 0-1

[Event "SVK 3.liga A2"]
[Site "?"]
[Date "2020.03.01"]
[Round "9.6"]
[White "Palka, Martin"]
[Black "Doucha, Ludvig"]
[Result "1-0"]
[WhiteElo "1856"]
[BlackElo "1822"]
[PlyCount "57"]
[EventDate "2019.10.06"]

1. e4 e5 2. Nf3 d6 3. d4 exd4 4. Nxd4 g6 5. Nc3 Bg7 6. Be3 Nf6 7. f3 O-O 8. Bc4
Nc6 9. Qd2 Re8 10. O-O-O Nxd4 11. Bxd4 Be6 12. Bxe6 Rxe6 13. Kb1 c6 14. g4 Bf8
15. Ne2 Nd7 16. Nf4 Re8 17. h4 Ne5 18. Qf2 Qc7 19. b3 b5 20. h5 c5 21. Bxe5
dxe5 22. Nd5 Qc6 23. hxg6 hxg6 24. Rh2 Rad8 25. Qh4 Bg7 26. Ne7+ Rxe7 27. Rxd8+
Re8 28. Rhd2 f6 29. R2d6 1-0

[Event "SVK 3.liga A2"]
[Site "?"]
[Date "2020.03.01"]
[Round "9.6"]
[White "Klanica, Anton"]
[Black "Kir, Kvetoslav"]
[Result "1/2-1/2"]
[WhiteElo "1804"]
[BlackElo "1767"]
[PlyCount "47"]
[EventDate "2019.10.06"]

1. e4 e6 2. d4 d5 3. Nc3 Bb4 4. Qg4 Ne7 5. e5 c5 6. dxc5 Qa5 7. Bd2 Qxc5 8. a3
Bxc3 9. Bxc3 Nbc6 10. Nf3 h5 11. Qa4 Bd7 12. Qb3 Ng6 13. Bd3 Nf4 14. O-O O-O
15. Bd2 Nd4 16. Nxd4 Qxd4 17. Bc3 Qb6 18. Qxb6 axb6 19. Rfd1 Nxd3 20. Rxd3 Rfc8
21. Rd2 Rc4 22. Rad1 Rac8 23. f3 Ba4 24. Re1 1/2-1/2

[Event "SVK 3.liga A2"]
[Site "?"]
[Date "2020.03.01"]
[Round "9.6"]
[White "Kubik, Peter"]
[Black "Bahna, Jan"]
[Result "1/2-1/2"]
[WhiteElo "1827"]
[BlackElo "1800"]
[PlyCount "92"]
[EventDate "2019.10.06"]

1. b3 e5 2. Bb2 Nc6 3. e3 Nf6 4. Bb5 d6 5. Nf3 a6 6. Bxc6+ bxc6 7. d4 e4 8.
Nfd2 d5 9. c4 Be6 10. Nc3 Rb8 11. cxd5 cxd5 12. Qc1 Bd6 13. Ba3 O-O 14. Bxd6
Qxd6 15. Na4 Nd7 16. Nc5 Nxc5 17. Qxc5 Qxc5 18. dxc5 f5 19. f4 d4 20. exd4 Rfd8
21. Ke2 Rxd4 22. Rhd1 Rb5 23. Rac1 Rd5 24. c6 Rd6 25. Nc4 Bxc4+ 26. Rxc4 Rbd5
27. Rxd5 Rxd5 28. Ra4 a5 29. b4 axb4 30. Ra7 Rc5 31. Rxc7 Rc2+ 32. Kd1 Rc5 33.
Ke2 Kf8 34. g4 g6 35. gxf5 gxf5 36. Ke3 Rc3+ 37. Kd2 h5 38. Rb7 Rxc6 39. Rxb4
Ke7 40. Rb5 Ke6 41. a4 Rd6+ 42. Ke2 Rd4 43. a5 Ra4 44. h4 Ra3 45. Re5+ Kf6 46.
Rb5 Ke6 1/2-1/2

[Event "SVK 3.liga A2"]
[Site "?"]
[Date "2020.03.01"]
[Round "9.6"]
[White "Dzivak, Jan"]
[Black "Fidericky, Milan"]
[Result "1/2-1/2"]
[WhiteElo "1393"]
[BlackElo "1697"]
[PlyCount "80"]
[EventDate "2019.10.06"]

1. c4 c5 2. Nc3 Nc6 3. Nf3 Nf6 4. g3 d6 5. Bg2 g6 6. b3 Bg7 7. Bb2 O-O 8. d4
cxd4 9. Nxd4 Nxd4 10. Qxd4 Ne8 11. Qd2 Nc7 12. O-O Rb8 13. Nd5 Bxb2 14. Qxb2 b6
15. Rac1 Bb7 16. Rfd1 Nxd5 17. Bxd5 Qc7 18. Qc3 Rbc8 19. Qf3 Bxd5 20. Qxd5 Qb8
21. Qg5 Qb7 22. Rd4 Rc5 23. Rd5 Rfc8 24. Rcd1 a6 25. Rxc5 Rxc5 26. Rd5 Rxd5 27.
Qxd5 Qxd5 28. cxd5 Kg7 29. f4 f5 30. Kf2 Kf6 31. Kf3 e6 32. e4 exd5 33. exd5 h6
34. h4 h5 35. Ke3 Ke7 36. Kd4 Kd7 37. a4 Kc7 38. Kc4 Kb7 39. b4 Kc7 40. b5 a5
1/2-1/2

[Event "SVK 3.liga A2"]
[Site "?"]
[Date "2020.06.21"]
[Round "10.1"]
[White "Sekera, Branislav"]
[Black "Lanc, Alois"]
[Result "0-1"]
[WhiteElo "2070"]
[BlackElo "2300"]
[PlyCount "78"]
[EventDate "2019.10.06"]

1. Nf3 g6 2. e4 c5 3. g3 Bg7 4. Bg2 Nc6 5. O-O d6 6. Nc3 e5 7. Nh4 Nd4 8. Nd5
Ne7 9. Nxe7 Qxe7 10. c3 Nc6 11. d3 O-O 12. Qe1 b6 13. Be3 Ba6 14. Qe2 Rac8 15.
Rfd1 Nd8 16. Qe1 Bf6 17. Nf3 Ne6 18. h4 Bg7 19. Bh3 Rc7 20. Ng5 Bc8 21. Nxe6
Bxe6 22. Bxe6 Qxe6 23. Kg2 f5 24. f3 Rcf7 25. b3 f4 26. gxf4 exf4 27. Bf2 Bf6
28. Rac1 h6 29. d4 g5 30. hxg5 hxg5 31. dxc5 bxc5 32. Rd5 Be5 33. Qe2 Rh7 34.
Kf1 Rh2 35. Qc4 Kg7 36. Ke1 Kf6 37. Ke2 g4 38. fxg4 Qxg4+ 39. Ke1 Qf3 0-1

[Event "SVK 3.liga A2"]
[Site "?"]
[Date "2020.06.21"]
[Round "10.1"]
[White "Nicolini, Alexander"]
[Black "Bango, Dominik"]
[Result "1/2-1/2"]
[WhiteElo "2160"]
[BlackElo "1807"]
[PlyCount "31"]
[EventDate "2019.10.06"]

1. e4 e5 2. Nf3 Nc6 3. Bc4 Nf6 4. d3 d6 5. c3 Be6 6. Bb5 a6 7. Ba4 b5 8. Bc2 d5
9. Nbd2 dxe4 10. dxe4 Bc5 11. O-O O-O 12. Qe2 h6 13. b4 Bb6 14. Bb3 Qe7 15.
Bxe6 Qxe6 16. h3 1/2-1/2

[Event "SVK 3.liga A2"]
[Site "?"]
[Date "2020.06.21"]
[Round "10.1"]
[White "Skreko, Igor"]
[Black "Szitkey, Milan"]
[Result "1-0"]
[WhiteElo "1761"]
[BlackElo "2047"]
[PlyCount "75"]
[EventDate "2019.10.06"]

1. d4 Nf6 2. c4 e6 3. Nc3 d5 4. cxd5 exd5 5. Bg5 Nbd7 6. e3 Be7 7. Qc2 O-O 8.
Bd3 c6 9. Nf3 Re8 10. O-O g6 11. Rab1 Kg7 12. b4 a6 13. a4 Ne4 14. Bxe7 Qxe7
15. b5 axb5 16. axb5 Ndf6 17. bxc6 bxc6 18. Ne5 c5 19. Nxd5 Nxd5 20. Bxe4 Be6
21. Qxc5 Qxc5 22. dxc5 Ra5 23. Rfc1 Nf6 24. Nc6 Ra2 25. Bf3 Bf5 26. Rb8 Re6 27.
Nd4 Re5 28. Nxf5+ Rxf5 29. c6 Rc5 30. Rbb1 Rac2 31. Rxc2 Rxc2 32. g3 g5 33. h3
h5 34. Rb4 Rc1+ 35. Kg2 Kg6 36. g4 h4 37. Rb7 Ne8 38. Bd5 1-0

[Event "SVK 3.liga A2"]
[Site "?"]
[Date "2020.06.21"]
[Round "10.1"]
[White "Sturdik, Igor"]
[Black "Longauer, Jan"]
[Result "1/2-1/2"]
[WhiteElo "1942"]
[BlackElo "1853"]
[PlyCount "42"]
[EventDate "2019.10.06"]

1. e4 e6 2. d4 d5 3. Nc3 Bb4 4. e5 c5 5. a3 Ba5 6. b4 cxd4 7. Nb5 Bc7 8. f4 Bd7
9. Nf3 Nc6 10. Bb2 Nge7 11. Bd3 O-O 12. O-O a5 13. Bxh7+ Kh8 14. Bd3 axb4 15.
Nfxd4 g6 16. Qg4 Bb6 17. Qh4+ Kg7 18. Qf6+ Kg8 19. axb4 Rxa1 20. Bxa1 Nxb4 21.
Rf3 Nec6 1/2-1/2

[Event "SVK 3.liga A2"]
[Site "?"]
[Date "2020.06.21"]
[Round "10.1"]
[White "Lopatievov, Alexander"]
[Black "Mosny, Jaroslav"]
[Result "1/2-1/2"]
[WhiteElo "1878"]
[BlackElo "1880"]
[PlyCount "38"]
[EventDate "2019.10.06"]

1. e4 e5 2. Nf3 d6 3. d4 exd4 4. Nxd4 Nf6 5. Nc3 Be7 6. Be2 O-O 7. O-O Nc6 8.
Nxc6 bxc6 9. Bf3 Nd7 10. Be3 Bf6 11. Qd2 Ba6 12. Rfe1 Ne5 13. Be2 Bxe2 14. Qxe2
Re8 15. Rad1 Qc8 16. f3 Qb7 17. Na4 Qb5 18. b3 Qxe2 19. Rxe2 Nd7 1/2-1/2

[Event "SVK 3.liga A2"]
[Site "?"]
[Date "2020.06.21"]
[Round "10.1"]
[White "Doucha, Ludvig"]
[Black "Kramar, Matus"]
[Result "1-0"]
[WhiteElo "1813"]
[BlackElo "1686"]
[Annotator ",Jozef"]
[PlyCount "117"]
[EventDate "2019.10.06"]

1. Nf3 Nf6 2. d4 d5 3. b3 Bf5 4. Bb2 e6 5. Nbd2 Be7 6. e3 O-O 7. Be2 Nbd7 8.
Nh4 Be4 9. f3 Bg6 10. Nxg6 fxg6 11. O-O c5 12. Kh1 Qc7 13. f4 Rac8 14. Rc1 a6
15. a4 a5 16. c3 Nb6 17. Bd3 Qd7 18. Bb5 Qd8 19. Qf3 Ne8 20. Qh3 Nc7 21. Bd3
Qd7 22. Bc2 Ne8 23. Ra1 c4 24. bxc4 Nxc4 25. Nxc4 Rxc4 26. Bb3 Rc7 27. e4 Kh8
28. exd5 exd5 29. Qxd7 Rxd7 30. Rae1 Nf6 31. Re6 Kg8 32. Rfe1 Rf7 33. R1e2 Kf8
34. g3 Rd6 35. R6e5 Rd7 36. c4 Bd6 37. R5e3 dxc4 38. Bxc4 Rfe7 39. Be6 Rc7 40.
Kg2 Re8 41. Kf3 Ree7 42. g4 Nd7 43. Rb3 Nb8 $11 44. Rb5 Bb4 45. d5 Nd7 46. Bd4
Ke8 47. g5 Kf8 48. Kg4 h5+ 49. gxh6 gxh6 50. Re3 Rh7 51. Re2 Re7 52. Re4 Rh7
53. f5 gxf5+ 54. Kxf5 Re7 55. Rg4 Ke8 56. Be5 Rc1 57. Rxb7 Rf1+ 58. Bf4 Nf8 59.
Rb8# 1-0

[Event "SVK 3.liga A2"]
[Site "?"]
[Date "2020.06.21"]
[Round "10.1"]
[White "Gajarsky, Julius"]
[Black "Klanica, Anton"]
[Result "0-1"]
[WhiteElo "1709"]
[BlackElo "1803"]
[PlyCount "64"]
[EventDate "2019.10.06"]

1. d4 Nf6 2. c4 e5 3. dxe5 Ng4 4. Nf3 Nc6 5. Bg5 Be7 6. Bxe7 Qxe7 7. e3 Ngxe5
8. Be2 d6 9. O-O O-O 10. Nc3 Be6 11. Nd5 Qd8 12. Rc1 b6 13. a3 a5 14. Nd4 Nxd4
15. Qxd4 Rc8 16. f4 Nc6 17. Qc3 f6 18. Bf3 Ne7 19. Qd2 Re8 20. Bh5 Rf8 21.
Nxe7+ Qxe7 22. f5 Bd7 23. Qd5+ Kh8 24. Rc3 Be8 25. Bf3 Bf7 26. Qd2 Qe5 27. Bb7
Rce8 28. Bc6 Re7 29. e4 Qc5+ 30. Qf2 Qxc6 31. Qh4 Rxe4 32. Rf4 Rfe8 0-1

[Event "SVK 3.liga A2"]
[Site "?"]
[Date "2020.06.21"]
[Round "10.1"]
[White "Bahna, Jan"]
[Black "Dobis, Pavol"]
[Result "0-1"]
[WhiteElo "1801"]
[BlackElo "1568"]
[PlyCount "79"]
[EventDate "2019.10.06"]

1. e4 c5 2. Nc3 d6 3. g3 Nc6 4. Bg2 Nf6 5. d3 e6 6. Nge2 Be7 7. h3 O-O 8. O-O
a6 9. f4 Qc7 10. g4 h6 11. Ng3 Nd4 12. Nce2 Nh7 13. c3 Nxe2+ 14. Qxe2 Bh4 15.
Qf3 Bd7 16. Ne2 Bc6 17. b3 Rad8 18. Bb2 d5 19. Qe3 Qe7 20. d4 dxe4 21. Bxe4
Bxe4 22. Qxe4 Nf6 23. Qf3 Rd7 24. Ba3 b6 25. dxc5 bxc5 26. Rad1 Rfd8 27. Rxd7
Qxd7 28. Bxc5 Qd2 29. Bd4 Nd5 30. c4 Ne7 31. Qe3 Qxa2 32. Ra1 Qc2 33. Rxa6 Qd1+
34. Kg2 Qc2 35. Ra1 Rxd4 36. Qxd4 Qxe2+ 37. Kg1 Bg3 38. Rd1 Qh2+ 39. Kf1 Qxh3+
40. Ke2 0-1

[Event "SVK 3.liga A2"]
[Site "?"]
[Date "2020.06.21"]
[Round "10.3"]
[White "Hecko, Dusan"]
[Black "Koutny, Petr"]
[Result "0-1"]
[WhiteElo "2045"]
[BlackElo "2161"]
[PlyCount "106"]
[EventDate "2019.10.06"]

1. d4 d5 2. Nf3 Nf6 3. Bf4 e6 4. e3 Be7 5. Bd3 O-O 6. h3 c5 7. c3 b6 8. O-O Bb7
9. Nbd2 Ne4 10. Qe2 Nd7 11. Rac1 f5 12. Ne5 g5 13. Nxd7 Qxd7 14. Be5 Nxd2 15.
Qxd2 Bd6 16. Bxd6 Qxd6 17. f4 Rf7 18. fxg5 Rg7 19. h4 h6 20. gxh6 Rg6 21. Qf2
Kh7 22. Qf4 Qe7 23. h5 Rg5 24. Be2 Rag8 25. Rf2 Bc6 26. Kf1 Be8 27. Bf3 Bxh5
28. Ke2 Rg4 29. Qh2 Rh4 30. Qe5 Re4 31. Qh2 Qg5 32. Kf1 Qxe3 33. Rd1 Bg4 34.
dxc5 Qxc5 35. Bxe4 Bxd1 36. Bd3 Qe3 37. Be2 Bc2 38. Rf3 Qc5 39. Qe5 Qe7 40. Rg3
Rxg3 41. Qxg3 e5 42. Bd3 Bxd3+ 43. Qxd3 Qe6 44. g4 e4 45. Qd4 Kxh6 46. Qh8+ Kg5
47. Qh5+ Kf4 48. gxf5 Qxf5 49. Qh2+ Kg4+ 50. Ke1 Qf3 51. Qh6 Qg3+ 52. Ke2 Qd3+
53. Ke1 Qb1+ 0-1

[Event "SVK 3.liga A2"]
[Site "?"]
[Date "2020.06.21"]
[Round "10.3"]
[White "Hrubsa, Marian"]
[Black "Diviak, Rastislav"]
[Result "1/2-1/2"]
[WhiteElo "1853"]
[BlackElo "2005"]
[PlyCount "23"]
[EventDate "2019.10.06"]

1. e4 c5 2. Nf3 a6 3. d4 cxd4 4. Nxd4 Nf6 5. Nc3 e5 6. Nb3 Bb4 7. Qf3 d5 8. Bd2
d4 9. Nd5 Nxd5 10. exd5 Bxd2+ 11. Nxd2 Nd7 12. Bc4 1/2-1/2

[Event "SVK 3.liga A2"]
[Site "?"]
[Date "2020.06.21"]
[Round "10.3"]
[White "Jarabek, Milan"]
[Black "Vepy, Ivan"]
[Result "1/2-1/2"]
[WhiteElo "1765"]
[BlackElo "1818"]
[PlyCount "83"]
[EventDate "2019.10.06"]

1. e4 e5 2. Nf3 Nc6 3. Bb5 Nf6 4. d3 d6 5. O-O Be7 6. Re1 O-O 7. Nbd2 Bg4 8.
Nf1 Nd4 9. Bc4 Nxf3+ 10. gxf3 Bh5 11. Ng3 Bg6 12. f4 exf4 13. Bxf4 Qd7 14. Kg2
Rae8 15. Bg5 h6 16. Bxf6 Bxf6 17. f4 Kh8 18. c3 Bh4 19. Qf3 f5 20. Rad1 fxe4
21. dxe4 Bxg3 22. hxg3 Qa4 23. Rd4 Qa5 24. b4 Qb6 25. Qg4 Bf7 26. Bxf7 Rxf7 27.
Qg6 Rfe7 28. f5 Rf8 29. Rh1 Qc6 30. g4 Qe8 31. Qxe8 Rfxe8 32. Kf3 Kg8 33. Re1
Kf7 34. Kf4 Kf6 35. Rd5 Re5 36. Rxe5 Rxe5 37. c4 a6 38. Rc1 Ke7 39. c5 Kf6 40.
cxd6 cxd6 41. Rc7 Re7 42. Rxe7 1/2-1/2

[Event "SVK 3.liga A2"]
[Site "?"]
[Date "2020.06.21"]
[Round "10.3"]
[White "Krakovsky, Peter"]
[Black "Spacek, Marcel"]
[Result "0-1"]
[WhiteElo "1624"]
[BlackElo "1863"]
[PlyCount "52"]
[EventDate "2019.10.06"]

1. c4 g6 2. Nc3 Bg7 3. g3 e5 4. Bg2 f5 5. d3 c6 6. Rb1 Nf6 7. Nf3 Qc7 8. O-O
O-O 9. b4 d5 10. cxd5 cxd5 11. Bb2 Nc6 12. a3 e4 13. dxe4 dxe4 14. Ng5 Qe7 15.
h4 h6 16. Nh3 Rd8 17. Qc1 Be6 18. Nf4 Bf7 19. Rd1 Rxd1+ 20. Qxd1 Rd8 21. Qa4 g5
22. hxg5 hxg5 23. Nh3 Nd7 24. Rd1 Nb6 25. Qb5 Nd4 26. Qa5 Nc4 0-1